En Yakın Altı Ülke - Antarktika - Statistics

General Stats
  • This quiz has been taken 215 times
  • The average score is 3 of 6
Answer Stats
km ülke % Correct
1023 Arjantin
77%
1005 Şili
73%
2518 Avustralya
57%
2484 Yeni Zelanda
45%
3292 Brezilya
19%
3151 Uruguay
14%
No matching quizzes found
Score Distribution
Percent of People with Each Score
Percentile by Number Answered
Your Score History
You have not taken this quiz